Nuclear arms technologies in the 1990's, Washington, DC, 1988 /

Bibliographic Details
Corporate Author: American Institute of Physics
Other Authors: Schroeer, Dietrich, Hafemeister, David W.
Format: Book
Language:English
Published: New York : American Institute of Physics, 1988.
Series:AIP conference proceedings ; no. 178.
Subjects:

MARC

Tag First Indicator Second Indicator Subfields
LEADER 00000cam a2200000 a 4500
001 in00000928131
005 20150925124410.0
008 891003s1988 nyua b 10000 eng
010 |a  88083262  
020 |a 0883183781 
035 |a (OCoLC)19242619 
035 |9 AES1837AM 
040 |a DLC  |c DLC  |d TXA  |d UtOrBLW 
049 |a TXAM 
050 0 0 |a U263  |b .N736 1988 
082 0 |a 623.4/5119  |2 20 
245 0 0 |a Nuclear arms technologies in the 1990's, Washington, DC, 1988 /  |c editors, Dietrich Schroeer, David Hafemeister. 
264 1 |a New York :  |b American Institute of Physics,  |c 1988. 
300 |a 476 pages :  |b illustrations ;  |c 25 cm. 
336 |a text  |b txt  |2 rdacontent 
337 |a unmediated  |b n  |2 rdamedia 
338 |a volume  |b nc  |2 rdacarrier 
490 1 |a AIP conference proceedings ;  |v 178 
500 |a "Most of the chapters ... derived from the talks presented at the Third Short Course on the Arms Race held at the George Washington University on April 16-17, 1988"--Pref. 
500 |a "DOE CONF 8804202"--Title page verso. 
504 |a Includes bibliographical references. 
650 0 |a Nuclear weapons  |v Congresses. 
650 0 |a Nuclear warfare  |v Congresses. 
700 1 |a Schroeer, Dietrich. 
700 1 |a Hafemeister, David W. 
710 2 |a American Institute of Physics. 
830 0 |a AIP conference proceedings ;  |v no. 178. 
999 |a MARS 
999 f f |s 20694d50-8fac-3186-a42d-82538738186c  |i 26fa14f6-d6b8-38de-bd0a-13d067c4eb0d  |t 0 
952 f f |p ric  |a Texas A&M University  |b Rellis Campus  |c Joint Library Facility  |d Remote Storage  |t 0  |e U263 .N736 1988  |h Library of Congress classification  |i unmediated -- volume  |m A14813958374 
998 f f |a U263 .N736 1988  |t 0  |l Remote Storage